000 00851na a2200277 4500
001 16354
003 MIRAKIL
005 20181213154930.0
008 161003b tu 000 0
020 _a9786058790513
035 _a16354
040 _aMilas
_btur
_cTR-AnCHP
041 _atur
082 _a323.4409561
_bB39 2012
090 _a323.4409561 B39 2012
245 _aBeyin gücü mezarlığı: Türkiye
_cMustafa Balbay...[ve öte.]
260 _aAnkara
_bFişek Enstitüsü Çalışan Çocuklar Bilim ve Eylem Merkezi Vakfı
_c2012
300 _ax, 77 s.
_c21 sm.
490 _aBilim dizisi
_v3
600 _aFişek, Nusret
_d1914-1990
650 _aHak ve özgürlükler
_zTürkiye
651 _aTürkiye
_xDüşünce özgürlüğü
651 _aTürkiye
_xEğitim sistemi
700 _aBalbay, Mustafa
_d1960-
942 _2ddc
_cBKS
999 _c3412
_d3412